| 000 | 01705nam a2200361 c 4500 | ||
|---|---|---|---|
| 003 | BLK | ||
| 005 | 20180422110524.0 | ||
| 008 | 180409b bul|||||r ||||||| ||bul|| | ||
| 010 | _aKNG00123931000 | ||
| 020 |
_a978-954-07-3015-8 _bиздат.: Унив. изд. Св. Климент Охридски |
||
| 040 | _aBLK | ||
| 041 |
_aBUL _cBUL |
||
| 072 | 7 |
_2bullib _aН84 _xБългарска художествена литература Н |
|
| 080 |
_aБългарска литература _b821.163.2 _x-992 _z821.163.2-992 |
||
| 080 |
_aПаметници на културата на историческите периоди. Археологическите паметници. Старини _b904 _x(45)(0:82-992) _z904(45)(0:82-992) |
||
| 700 | 1 |
_aКоспартова, Люба Николова _e* _gБачева-Коспартова, Люба Николова _9366251 |
|
| 100 | 1 |
_aНемо, Нихело _eпърви автор _9363947 |
|
| 139 |
_aКоспартова, Люба Николова _bК 86 |
||
| 245 | 1 | 0 |
_aЛегенди за Рим _c* Люба Николова Коспартова; Нихело Немо. |
| 245 | 1 | 0 |
_aЕтюди от Италия _b _c |
| 257 | _aBGR | ||
| 260 |
_аСофия _bУнив. изд. Св. Климент Охридски _c2010 |
||
| 300 |
_a304 с. _bс цв. ил, к. _c24 см |
||
| 380 | _aX | ||
| 500 | _aИстинското име на авт. е Люба Николова Коспартова. - Именен показалец. | ||
| 650 | 4 |
_aИталия _9178965 |
|
| 659 | _aН | ||
| 852 | _aЦб 252150 | ||
| 856 | 4 |
_qpdf _u |
|
| 856 | 4 |
_qpdf _u |
|
| 942 |
_cKNG _n0 |
||
| 944 |
_aCR _c27.06.2011 _kГеновева_Генчева |
||
| 944 |
_aED _c25.10.2011 _k |
||
| 999 |
_c118329 _d118329 |
||